| 000 | 00424nam a2200181Ia 4500 | ||
|---|---|---|---|
| 008 | 210210b1917 xxu||||| |||| 00| 0 eng d | ||
| 041 | _aeng | ||
| 082 | _a821/261 | ||
| 100 | _aGRAY (Thomas) | ||
| 245 | _aSelected poems: Gosse Ed | ||
| 260 |
_aOxford _bAt the Clarendon Press _c1917 |
||
| 650 | _aSelected | ||
| 650 | _apoems: | ||
| 650 | _aGosse | ||
| 650 | _aEd | ||
| 690 | _aEnglish Literature | ||
| 906 | _a011430 | ||
| 999 |
_c130107 _d130107 |
||